| 000 | 00904cam a2200241 a 4500 | ||
|---|---|---|---|
| 001 | 000014417 | ||
| 005 | 20200929163841.0 | ||
| 008 | 931118s1989 cl b 000 0 spa d | ||
| 040 |
_aDO-SdBNP _bspa _cBNPHU |
||
| 082 |
_a321.983 _bG239p |
||
| 100 | 1 |
_aGarretón Merino, Manuel A. _d1943- _q(Manuel Antonio Garretón Merino) _932532 |
|
| 245 | 1 | 3 |
_aLa posibilidad democrática en Chile / _cManuel Antonio Garretón Merino. |
| 260 |
_aSantiago de Chile : _bFlacso, _c1989. |
||
| 300 |
_a72 p. ; _c19 cm. |
||
| 490 | 1 | _aCuadernos de difusión | |
| 500 | _a"Mayo 1989" - P. frente T.P. | ||
| 504 | _aIncluye referencias bibliográficas. | ||
| 651 | 4 |
_aChile _xPolítica Y Gobierno _y1973-1988. _927569 |
|
| 650 | 4 |
_aDemocracia _zChile _932533 |
|
| 650 | 4 |
_aFilosofía de la democracia _zChile _932534 |
|
| 710 | 2 |
_aFacultad Latinoamericana de Ciencias Sociales _9294 |
|
| 830 | 0 |
_aCuadernos de difusión _96694 |
|
| 999 |
_c14008 _d14008 |
||